header

D. H. Lawrence (Record no. 68167)

MARC details
000 -LEADER
fixed length control field 01216nam a2200325Ia 4500
245 00 - TITLE STATEMENT
Title D. H. Lawrence
260 ## - PUBLICATION, DISTRIBUTION, ETC. (IMPRINT)
Place of publication London :
Name of publisher Routledge & K. Paul,
Year of publication [1970]
300 ## - PHYSICAL DESCRIPTION
Number of Pages xvi, 377 p.
490 1# - SERIES STATEMENT
Series statement The Critical heritage series
650 #0 - SUBJECT ADDED ENTRY--TOPICAL TERM
Topical Term English literature
700 1# - ADDED ENTRY--PERSONAL NAME
Personal name Draper, Ronald P.,
856 40 - ELECTRONIC LOCATION AND ACCESS
Uniform Resource Identifier http://site.ebrary.com/lib/rucke/Doc?id=10058216

No items available.

© 2026 Rongo University
Contact us: librarian | system librarian | Rongo university